| 000 | 00989cam a22002894a 4500 | ||
|---|---|---|---|
| 001 | 12170032 | ||
| 005 | 20170105102909.0 | ||
| 008 | 000911s2000 dcua 001 0 eng | ||
| 010 | _a 00047920 | ||
| 020 | _a0895262819 (alk. paper) | ||
| 040 |
_aDLC _cDLC _dDLC |
||
| 042 | _apcc | ||
| 043 |
_an-us--- _aa-cc--- |
||
| 050 | 0 | 0 |
_aE183.8.C5 _bG47 2000 |
| 082 | 0 | 0 |
_a327.73051 _221 |
| 100 | 1 | _aGertz, Bill. | |
| 245 | 1 | 4 |
_aThe China threat : _bhow the People's Republic targets America / _cBill Gertz. |
| 260 |
_aWashington, DC : _bRegnery Pub., _c2000. |
||
| 300 |
_axv, 280 p. : _bill. ; _c24 cm. |
||
| 500 | _aIncludes index. | ||
| 651 | 0 |
_aUnited States _xForeign relations _zChina. |
|
| 651 | 0 |
_aChina _xForeign relations _zUnited States. |
|
| 651 | 0 |
_aUnited States _xForeign relations _y1993-2001. |
|
| 906 |
_a7 _bcbc _corignew _d1 _eocip _f20 _gy-gencatlg |
||
| 942 |
_2ddc _cBK |
||
| 999 |
_c15035 _d15035 |
||